Priemyselné inžinierstvo a štíhly podnik
Príčiny vzniku degenerácie podnikov. Cesty využívané v oblasti zoštíhlovania podniku. Význam metód priemyslového inžinierstva. Nadbytok výrobných kapacít na celom svete. Globalizácia = celosvetový boj o prácu, trhy, životnú úroveň jednotlivých krajín. Prínos tímovej práce. Trvanie pracovných činnost...
Saved in:
| Main Author: | |
|---|---|
| Format: | Book Chapter |
| Language: | Slovak |
| Subjects: | |
| Tags: |
No Tags, Be the first to tag this record!
|
MARC
| LEADER | 00000naa a2200000 4500 | ||
|---|---|---|---|
| 001 | r047151 | ||
| 005 | 20230825103653.6 | ||
| 041 | 0 | |a slo | |
| 044 | |a SK | ||
| 245 | 1 | 0 | |a Priemyselné inžinierstvo a štíhly podnik |c Ján Košturiak |
| 520 | |a Príčiny vzniku degenerácie podnikov. Cesty využívané v oblasti zoštíhlovania podniku. Význam metód priemyslového inžinierstva. Nadbytok výrobných kapacít na celom svete. Globalizácia = celosvetový boj o prácu, trhy, životnú úroveň jednotlivých krajín. Prínos tímovej práce. Trvanie pracovných činností v podniku - spotreba času. Význam vizualizácie. | ||
| 610 | 2 | 0 | |a podnik |
| 610 | 2 | 0 | |a firmy |
| 610 | 2 | 0 | |a organizácia podniku |
| 610 | 2 | 0 | |a racionalizácia |
| 610 | 2 | 0 | |a inžinierstvo priemyselné |
| 610 | 2 | 0 | |a práca tímová |
| 610 | 2 | 0 | |a Slovensko |
| 100 | 1 | |a Košturiak, Ján | |